| 000 | 00657nam a2200193 a 4500 | ||
|---|---|---|---|
| 001 | 000043013 | ||
| 005 | 20201002040554.0 | ||
| 008 | 140217s1981 enka 000 0 spa d | ||
| 020 | _a0801409381 | ||
| 040 |
_aDO-SdBNP _cBNPHU |
||
| 082 |
_axxxx _bxxxx |
||
| 100 | 1 |
_aRussell, Jeffrey Burton _970533 |
|
| 245 | 1 | 0 |
_aThe devil : _bperceptions of evil from antiquity to primitive christianity / _cJeffrey Burton Russell. |
| 250 | _a2a ed. | ||
| 260 |
_aLondon : _bCornell University Press, _c1981. |
||
| 300 |
_a276 p. : _bil. ; _c23 cm. |
||
| 500 | _aIncluye referencias bibliográficas y notas al pie de las páginas | ||
| 504 | _aBibliografía : p. 261-270 | ||
| 999 |
_c42502 _d42502 |
||